O Principezinho para os mais pequeninos (Registo nº 76096)

Detalhes MARC
000 -Etiqueta do registo
campo de controlo de comprimento fixo 00511 2200181 4500
001 - Identificador do registo
Campo de controlo 76096
005 - Identificador da versão
Campo de controlo 20260331074306.0
010 ## - ISBN
Número (ISBN) 978-972-23-5514-8
100 ## - Dados Gerais de Proc.
Dados gerais de processamento 20260331d2015 c||y0pory50 ba
200 ## - Título
Título próprio O Principezinho para os mais pequeninos
Primeira menção de responsabilidade Antoine de Saint-Exupéry
Outras menções de responsabilidade Helena Romão
205 ## - Menção da edição
Menção da edição
210 ## - Publicação, Distribuição
Lugar da edição, distribuição, etc. Lisboa
Nome do editor, distribuidor, etc. Presença
Data da publicação, distribuição, etc. 2015
215 ## - Descrição física
Descrição física 7p.
675 ## - CDU
Notação 82
Edição
700 ## - Responsabilidade principal
Palavra de ordem Saint-Exupéry
Outra parte do nome Antoine de
Datas 1900-1944
702 #1 - Responsabilidade secundária
Palavra de ordem Romão
Outra parte do nome Helena
Código de função Tradutor
Koha Internal Code 49203
090 ## - Números de controlo do sistema (Koha)
Número biblioitem do Koha (gerado automaticamente) 76096
942 ## - Elementos de entrada adicionados (Koha)
Tipo de item no Koha Monografias
Suprimido Disponível no OPAC
Exemplares
Removido (estado) Perdido (estado) Data de aquisição Origem do registo (biblioteca) (codificado) Código da organização que empresta ou é detentora (biblioteca) Código de barras Número de inventário Cota Tipo de circulação (não pode ser emprestado) Tipo de item e material
Disponível Disponível 2026-03-31 Biblioteca EB23 D. Manuel I Biblioteca EB23 D. Manuel I BEBDMI9740 9740 I - 2 SAI Normal Monografias